Headquarters of Districts of Nepal (Province No. 2) - Statistics

General Stats
  • This quiz has been taken 49 times
  • The average score is 7 of 8
Answer Stats
District Answer % Correct
Dhanusha Janakpur
100%
Siraha Siraha
100%
Parsa Birgunj
89%
Rautahat Gaur
89%
Mahottari Jaleshwar
89%
Bara Kalaiya
78%
Sarlahi Malangwa
67%
Saptari Rajbiraj
67%
No matching quizzes found
Score Distribution
Percent of People with Each Score
Percentile by Number Answered
Your Score History
You have not taken this quiz